Energetická kríza rozvojového sveta diplomová práca

Uložené v:
Podrobná bibliografia
Hlavný autor: Hampelová, Veronika
Korporativný autor: Obchodná fakulta EU. Katedra medzinárodného obchodu
Ďalší autori: Sopková, Gabriela
Médium: Kniha
Jazyk:Slovak
Vydavateľské údaje: Bratislava 2019
Tagy: Pridať tag
Žiadne tagy, Buďte prvý, kto otaguje tento záznam!

MARC

LEADER 00000nbm a2200000 4500
001 0257849
005 20191004134833.7
041 0 |a slo 
044 |a SK 
245 1 0 |a Energetická kríza rozvojového sveta  |b diplomová práca  |c Veronika Hampelová ; školiteľ: Gabriela Sopková 
264 1 |a Bratislava  |c 2019 
300 |a 67 s. 
100 1 |a Hampelová, Veronika 
700 1 |a Sopková, Gabriela 
710 2 |a Obchodná fakulta EU. Katedra medzinárodného obchodu